Statistiques concernant Buteurs en finale de Ligue des Champions depuis 2000

Cliquez ici pour prendre le quiz!

Statistiques générales

  • Ce quiz a été pris 118 fois
  • Le résultat moyen est 37 sur 64

Statistiques - réponses

AnnéeRéponse% Correct
2017Ronaldo
99%
2008Ronaldo
99%
2014Ronaldo
99%
2017Ronaldo
99%
2009Messi
96%
2011Messi
96%
2018Benzema
92%
2014Bale
89%
2018Bale
89%
2018Bale
89%
2023Rodri
89%
2019Salah
88%
2020Coman
86%
2018Mané
82%
2015Neymar
81%
2022Vinícius
80%
2016Ramos
79%
2014Ramos
79%
2002Zidane
77%
2021Havertz
76%
2015Suárez
76%
2012Drogba
75%
2006Eto'o
71%
2009Eto'o
71%
2013Robben
70%
2013Mandzukić
66%
2017Mandzukić
66%
2011Rooney
66%
2012Müller
62%
2005Gerrard
61%
2017Casemiro
59%
2011David Villa
59%
2010Diego Milito
58%
2010Diego Milito
58%
2014Marcelo
56%
2019Origi
56%
2011Pedro
56%
2007Inzaghi
54%
2007Inzaghi
54%
2015Rakitić
53%
2000Raúl
48%
2002Raúl
48%
2017Asensio
46%
2014Godín
44%
2004Deco
42%
2005Maldini
42%
2008Lampard
41%
2016Carrasco
37%
2005Crespo
37%
2005Crespo
37%
2013Gündogan
37%
2005Xabi Alonso
37%
2015Morata
32%
2000Morientes
28%
2006Campbell
25%
2005Šmicer
21%
2007Kuyt
20%
2006Belletti
16%
2002Lucio
12%
2001Mendieta
11%
2000McManaman
10%
2001Effenberg
6%
2004Alenitchev
2%
2004Carlos Alberto
1%

Distribution des résultats

Percentile par nombre de réponses

% des personnes avec chaque résultat

Votre développement - résultats

Vous n’avez pas pris ce quiz